<?xml version="1.0" encoding="UTF-8"?>
<record
    xmlns:xsi="http://www.w3.org/2001/XMLSchema-instance"
    xsi:schemaLocation="http://www.loc.gov/MARC21/slim http://www.loc.gov/standards/marcxml/schema/MARC21slim.xsd"
    xmlns="http://www.loc.gov/MARC21/slim">

  <leader>02492nam a22002537a 4500</leader>
  <controlfield tag="005">20240305165631.0</controlfield>
  <controlfield tag="007">cr||||   |||  </controlfield>
  <controlfield tag="008">220502s2020    es |||||s|||| 00||0 spa d</controlfield>
  <datafield tag="020" ind1=" " ind2=" ">
    <subfield code="a">978-84-122527-9-8</subfield>
  </datafield>
  <datafield tag="035" ind1=" " ind2=" ">
    <subfield code="a">35595</subfield>
  </datafield>
  <datafield tag="040" ind1=" " ind2=" ">
    <subfield code="a">vLex</subfield>
  </datafield>
  <datafield tag="090" ind1=" " ind2=" ">
    <subfield code="c">13257</subfield>
    <subfield code="d">13257</subfield>
  </datafield>
  <datafield tag="100" ind1="1" ind2=" ">
    <subfield code="a">R&#xED;os Mu&#xF1;oz, Luis Patricio</subfield>
  </datafield>
  <datafield tag="245" ind1="1" ind2="0">
    <subfield code="a">Proceso y principios</subfield>
    <subfield code="h">[Recurso electr&#xF3;nico] :</subfield>
    <subfield code="b">Una aproximaci&#xF3;n a los principios procesales /</subfield>
    <subfield code="c">Luis Patricio R&#xED;os Mu&#xF1;oz</subfield>
  </datafield>
  <datafield tag="256" ind1=" " ind2=" ">
    <subfield code="a">Servicio en l&#xED;nea</subfield>
  </datafield>
  <datafield tag="260" ind1=" " ind2=" ">
    <subfield code="a">Barcelona:</subfield>
    <subfield code="b">J.M. Bosch Editor,</subfield>
    <subfield code="c">2020</subfield>
  </datafield>
  <datafield tag="300" ind1=" " ind2=" ">
    <subfield code="a">1 recurso electr&#xF3;nico</subfield>
  </datafield>
  <datafield tag="500" ind1=" " ind2=" ">
    <subfield code="a">Los Principios Procesales son directrices orientadas a optimizar el desenvolvimiento del Proceso Judicial. Por ello, referirse a los Principios Procesales es referirse al Proceso Judicial, y viceversa, puesto que todo Proceso Judicial que se precie de tal, debe contemplar un m&#xED;nimo de principios garantes, sin los cuales degenerar&#xE1; en algo distinto. El presente libro pretende aproximarse a responder &#xBF;qu&#xE9; son los principios procesales?, &#xBF;para qu&#xE9; sirven?, &#xBF;cu&#xE1;l es su origen?, &#xBF;es el Debido Proceso el gran &#xAB;mega principio&#xBB;? Para responder a estas interrogantes, la obra reformula el alto n&#xFA;mero de principios procesales a cuatro grandes categor&#xED;as conceptuales: (a) Principios garantes del Proceso &#x97;con rango constitucional o convencional y sin los cuales sencillamente no podr&#xED;a hablarse de Proceso&#x97;; (b) Principios procesales espec&#xED;ficos o stricto sensu &#x97;que inciden en el mejor desenvolvimiento de los diferentes tipos de procesos&#x97;; (c) Reglas t&#xE9;cnicas &#x97;similares a los actuales principios del procedimiento&#x97;; (d) y Sistemas &#x97;como conjuntos organizados de principios y reglas&#x97;. Destacan la manera &#x97;cr&#xED;tica y multidisciplinar&#x97; como la obra trabaja el tema escogido, teniendo en cuenta el pensamiento de procesalistas y fil&#xF3;sofos del Derecho. Se trata pues, de una obra que cumple su objetivo, al ser un estudio efectuado en profundidad, documentado y coherente, sobre la comprensi&#xF3;n de los Principios Procesales.</subfield>
  </datafield>
  <datafield tag="506" ind1="1" ind2=" ">
    <subfield code="a">Disponible solo en los productos indicados</subfield>
    <subfield code="d">vLex Global</subfield>
    <subfield code="d">vLex Global (Academic Edition, excluding Law Schools)</subfield>
    <subfield code="d">vLex Global (U.S. Academic Edition, Law Schools)</subfield>
    <subfield code="d">vLex Global (U.S. Academic Edition, excluding Law Schools)</subfield>
    <subfield code="d">vLex Global (Academic Edition, Law Schools)</subfield>
  </datafield>
  <datafield tag="650" ind1="0" ind2="4">
    <subfield code="a">Derecho Procesal</subfield>
    <subfield code="z">Espa&#xF1;a</subfield>
  </datafield>
  <datafield tag="740" ind1="0" ind2=" ">
    <subfield code="a">vLex Libros (Servicio en l&#xED;nea)</subfield>
  </datafield>
  <datafield tag="856" ind1="4" ind2="0">
    <subfield code="u">https://app.vlex.com/#/sources/35595</subfield>
  </datafield>
  <datafield tag="942" ind1=" " ind2=" ">
    <subfield code="c">RAA</subfield>
  </datafield>
  <datafield tag="952" ind1=" " ind2=" ">
    <subfield code="0">0</subfield>
    <subfield code="1">0</subfield>
    <subfield code="4">0</subfield>
    <subfield code="7">0</subfield>
    <subfield code="8">VLEX</subfield>
    <subfield code="9">329415</subfield>
    <subfield code="a">BD-UIN</subfield>
    <subfield code="b">BD-UIN</subfield>
    <subfield code="d">2024-03-05</subfield>
    <subfield code="l">0</subfield>
    <subfield code="p">35595</subfield>
    <subfield code="r">2024-03-05</subfield>
    <subfield code="w">2024-03-05</subfield>
    <subfield code="y">RAA</subfield>
  </datafield>
  <datafield tag="999" ind1=" " ind2=" ">
    <subfield code="c">171493</subfield>
    <subfield code="d">171493</subfield>
  </datafield>
</record>
